مكتبة جامعة عجلون الوطنية

فهرس بحث المكتبة

Normal view MARC view
  • تأليف محمود، معروف رفيق

Entry Personal Name

Number of records used in: 1

001 - CONTROL NUMBER

  • control field: 37602

003 - CONTROL NUMBER IDENTIFIER

  • control field: JO-AjAnu

005 - DATE AND TIME OF LATEST TRANSACTION

  • control field: 20230606080253.0

008 - FIXED-LENGTH DATA ELEMENTS

  • fixed length control field: 230606|| aca||aabn | a|a d

040 ## - CATALOGING SOURCE

  • Original cataloging agency: JO-AjAnu
  • Transcribing agency: JO-AjAnu

100 ## - HEADING--PERSONAL NAME

  • Personal name: تأليف محمود، معروف رفيق

670 ## - SOURCE DATA FOUND

  • Source citation: Work cat.: (JO-AjAnu)19294: تأليف محمود، معروف رفيق, author, ألغاز ومسابقاتى إذاعية: أذيعت من إذاعة قطر بمناسبات رمضانية مباركة